Genetique quantitative: bases des methodes et plans de selection
Guardat en:
| Autor principal: | |
|---|---|
| Format: | Llibre |
| Idioma: | Undetermined |
| Matèries: | |
| Etiquetes: |
Afegir etiqueta
Sense etiquetes, Sigues el primer a etiquetar aquest registre!
|
| Thư viện lưu trữ: | Trung tâm Học liệu Trường Đại học Cần Thơ |
|---|
| LEADER | 00425nam a2200145Ia 4500 | ||
|---|---|---|---|
| 001 | CTU_38572 | ||
| 008 | 210402s9999 xx 000 0 und d | ||
| 082 | |a 591.15 | ||
| 082 | |b R852 | ||
| 100 | |a Roger Rouvier | ||
| 245 | 0 | |a Genetique quantitative: bases des methodes et plans de selection | |
| 245 | 0 | |c Roger Rouvier | |
| 650 | |a genetics | ||
| 904 | |i Sáng, 970906 | ||
| 980 | |a Trung tâm Học liệu Trường Đại học Cần Thơ | ||